Fruits and Vegetables to Continent - Statistics

General Stats
  • This quiz has been taken 23 times
  • The average score is 14 of 40
Answer Stats
Hint Answer % Correct
Olive Europe
65%
Corn North America
60%
Pumpkin North America
60%
Cranberry North America
55%
Coffee Africa
50%
Hazlenut Europe
50%
Date Asia
45%
Pomelo Asia
45%
Turnip Europe
45%
Avocado North America
45%
Pineapple South America
45%
Apple Asia
40%
Fig Asia
40%
Blackberry Europe
40%
Potato South America
40%
Cherry Europe
35%
Plum Europe
35%
Asparagus Europe
35%
Chili pepper North America
35%
Blueberry North America
35%
Green bean North America
35%
Macadamia Oceania
35%
Cassava South America
35%
Cacao South America
35%
Okra Africa
30%
Tomato South America
30%
Cashew South America
30%
Passion fruit South America
30%
Watermelon Africa
20%
Grape Asia
20%
Kiwi Asia
20%
Canteloupe Asia
20%
Taro Oceania
20%
Honeydew Africa
15%
Tamarind Africa
15%
Papaya North America
15%
Banana Oceania
15%
Carrot Asia
10%
Rhubarb Asia
10%
Nutmeg Oceania
10%
No matching quizzes found
Score Distribution
Percent of People with Each Score
Percentile by Number Answered
Your Score History
You have not taken this quiz